| 000 | 00813cam a2200277 4500 | ||
|---|---|---|---|
| 001 | D12515 | ||
| 008 | 090401t1940 xxu||||| |||| 00| 0 eng d | ||
| 035 | _a(Sirsi) u3919 | ||
| 041 | _aeng | ||
| 050 |
_a692.209421 _c18 |
||
| 100 | _aCreswell, W.T. | ||
| 245 | _aCreswell and Grieg's London Building Acts (Amendment) Act 1939 | ||
| 260 |
_aLondon _bEyre and Spottiswoode _c1940 |
||
| 300 |
_a170p. _c24cm. |
||
| 650 | _aCIVIL DEFENCE ACT 1939 | ||
| 650 | _aLONDON BUILDING ACT 1930 | ||
| 650 | _aLONDON BUILDING ACT 1930 | ||
| 650 | _aLONDON BUILDING ACTS | ||
| 650 | _aLONDON BUILDING ACTS (AMENDMENT) ACT 1939 | ||
| 650 | _aLONDON CC BYELAWS | ||
| 650 | _aLONDON CC REGULATIONS | ||
| 690 | _aBUILT ENVIRONMENT-BUILDING STANDARDS | ||
| 700 | _aGreig, N.P. | ||
| 942 | _n0 | ||
| 948 | _c04/03/1997 | ||
| 999 |
_c85970 _d85970 |
||